00495nam a2200193 a 4500001001300000003000900013005001700022008004100039020001100080082001500091100001900106245005500125260003200180300000900212500003500221505001000256650001600266700001900282nice12345678IN_TiNIC20260116011256.0050524s1914 bosa grp 000 0 eng  ac93.600a270.6bJON aJones, Rufus M aSpiritual Reformers in the 16th and 17th Centuries aBostonbBeacon Press c1914 a362p aincludes index and biblioraphy2 aIndex aReformation1 aJones, Rufus M